00477cam a22001337a 4500008004000000082001500040100002500055245006200080260004700142300001100189440002500200500008700225650003100312180718b1999 xxu||||| |||| 00| 0 eng d aA81x54 91N aCensus of India 1991 aNon-workers in India: an analysis of the 1991 census data aDelhibThe Controller of Publicationc1999 a317+p. aCensus of India 1991 aA study report in the analytical study report series based on the 1991 census data aIndia - Employees - Census